| 000 | 01129nam a2200241Ii 4500 | ||
|---|---|---|---|
| 003 | JO-AjNU | ||
| 005 | 20240629123841.0 | ||
| 008 | 230605s9999||||xx |||||||||||||| ||und|| | ||
| 040 |
_aJO-AjNU _bara _erda _cJO-AjNU |
||
| 041 | _aara | ||
| 050 | 1 | 4 | _aK840 2019 |
| 100 | 1 |
_aعايد، عمر سحاب _eمعد _965813 |
|
| 245 | 2 | 0 |
_aالتقادم كسبب من أسباب إنقضاء الالتزامات العقدية في القانون المدني: دراسة مقارنة = Imprescriptibity as aCause of Commitments in Civil Law: A Comparative Study / _cاعداد عايد عمر سحاب ؛ إشراف محمد علي بني مقداد |
| 260 | _c2019 | ||
| 300 |
_a110ورقة _bرسالة جامعية ( اطروحة ماجستير) جامعة عجلون الوطنية: كلية الحقوق، 2019 |
||
| 336 |
_atext _btxt _2rdacontent |
||
| 337 |
_aunmediated _bn _2rdamedia |
||
| 338 |
_avolume _bnc _2rdacarrier |
||
| 500 | _aعايد، عمر سحاب | ||
| 650 | 4 |
_aالتقادم-القانون المدني _958917 |
|
| 700 | 1 |
_aبني مقداد، محمد علي _965814 _eمشرف |
|
| 942 |
_2lcc _cTHS |
||
| 999 |
_c30054 _d30054 |
||